000 00788nas a2200265 4500
001 BR2018000308
003 BR-BrBNA
005 20231205131230.0
007 ta
008 230509b bl.|||p| |||| 00| 00por d
040 _aBR-BrBNA
_bpor
_cBiblioteca Nacional de Agricultura
041 _a(En)
072 _aF70
100 1 _aSerra, F.C.V.
100 1 _aLima, P.B.
100 1 _aAlmeida Junior, E.B. de
245 1 _aSpecies richness in restinga vegetation on the eastern Maranhão state, northeastern Brazil
650 _aFLORA
650 _aPLANICIE
650 _aNORDESTE
650 _aMARANHÃO
773 0 _tActa Amazônica (Brazil)
_xISSN 0044-5967
_g(Sep 2016), v. 46(3) p. 271-280
_wBR2018000308
909 _a202311
_bLúcia
_c55
_dLúcia Elande
942 _2AGRIS
_n0
_cANA
999 _c253698
_d253698